Agricultural testament (Record no. 378840)

000 -LEADER
fixed length control field 00408cam a22001577a 4500
008 - FIXED-LENGTH DATA ELEMENTS--GENERAL INFORMATION
fixed length control field 180718b1956 xxu||||| |||| 00| 0 eng d
020 ## - INTERNATIONAL STANDARD BOOK NUMBER
International Standard Book Number 8185569185
082 ## - DEWEY DECIMAL CLASSIFICATION NUMBER
Classification number Z13 H831a
100 ## - MAIN ENTRY--PERSONAL NAME
Personal name Howard, Albert
245 ## - TITLE STATEMENT
Title Agricultural testament
Statement of responsibility, etc. by Albert Howard
260 ## - PUBLICATION, DISTRIBUTION, ETC.
Place of publication, distribution, etc. Goa
Name of publisher, distributor, etc. The Other India Press
Date of publication, distribution, etc. 1956
300 ## - PHYSICAL DESCRIPTION
Extent 262p.
650 ## - SUBJECT ADDED ENTRY--TOPICAL TERM
Topical term or geographic name entry element Soil fertility
650 ## - SUBJECT ADDED ENTRY--TOPICAL TERM
Topical term or geographic name entry element Compost
650 ## - SUBJECT ADDED ENTRY--TOPICAL TERM
Topical term or geographic name entry element Organic farming
Holdings
Withdrawn status Lost status Damaged status Not for loan Permanent Location Current Location Date acquired Full call number Barcode Date last seen Price effective from Koha item type
        Indian Institute of Public Administration Indian Institute of Public Administration 1996-03-26 Z13 H831a 70349 2018-07-21 2018-07-21 Book

Powered by Koha